[Event "Oct Revolution 60th"]
[Site "Leningrad URS"]
[Date "1977.06.28"]
[Round "4"]
[White "Romanishin, Oleg"]
[Black "Mariotti, Sergio"]
[Result "1-0"]
[WhiteElo "2595"]
[BlackElo "2490"]
[EventDate "1977.06.25"]
[PlyCount "99"]

1.e4 Nc6 2.d4 d5 3.e5 Bf5 4.Ne2 e6 5.Ng3 Bg6 6.h4 h5 7.Ne2 Bf5 8.Nf4 g6 9.
c3 Qd7 10.Nd2 f6 11.exf6 e5 12.dxe5 Nxe5 13.f7+ Kxf7 14.Nf3 Nxf3+ 15.Qxf3 
Re8+ 16.Be3 Nf6 17.Bd3 Bxd3 18.Nxd3 Bh6 19.O-O Qg4 20.Bd4 Qxf3 21.gxf3 Re7
22.Rfe1 Rhe8 23.Rxe7+ Rxe7 24.Bxa7 Re2 25.Bd4 Nd7 26.b4 c6 27.a4 Bf8 28.a5
Re8 29.a6 Ra8 30.a7 Bd6 31.Kg2 Bc7 32.f4 Bb6 33.Ne5+ Ke6 34.Nxd7 Bxd4 35.
cxd4 Kxd7 36.f5 gxf5 37.Kf3 Kc7 38.Kf4 Kb6 39.Kxf5 Kb5 40.Ke5 Kxb4 41.Rb1+
Kc4 42.Rxb7 c5 43.dxc5 Kxc5 44.Rc7+ Kb6 45.Rd7 Kc6 46.Rd6+ Kb7 47.Rxd5 
Re8+ 48.Kf6 Kxa7 49.Rxh5 Kb6 50.Re5 1-0

[Event "Oct Revolution 60th"]
[Site "Leningrad URS"]
[Date "1977.07.06"]
[Round "9"]
[White "Balashov, Yury"]
[Black "Smejkal, Jan"]
[Result "1/2-1/2"]
[WhiteElo "2565"]
[BlackElo "2575"]
[EventDate "1977.06.25"]
[PlyCount "50"]

1.e4 e5 2.Nf3 Nc6 3.Bb5 a6 4.Ba4 Nf6 5.O-O Be7 6.Re1 b5 7.Bb3 d6 8.c3 O-O 
9.h3 Nb8 10.d4 Nbd7 11.Nbd2 Bb7 12.Bc2 Re8 13.Nf1 Bf8 14.Ng3 g6 15.a4 c5 
16.d5 Nb6 17.Qe2 Nxa4 18.Bxa4 bxa4 19.Rxa4 Bc8 20.b3 Re7 21.Bg5 Bg7 22.Qe3
Qf8 23.Qd3 h6 24.Bd2 Nh7 25.c4 Rb7 1/2-1/2

[Event "Oct Revolution 60th"]
[Site "Leningrad URS"]
[Date "1977.07.07"]
[Round "10"]
[White "Beliavsky, Alexander"]
[Black "Tal, Mikhail"]
[Result "0-1"]
[WhiteElo "2555"]
[BlackElo "2620"]
[EventDate "1977.06.25"]
[PlyCount "46"]

1.e4 c5 2.Nf3 d6 3.d4 cxd4 4.Nxd4 Nf6 5.Nc3 Nc6 6.Bg5 e6 7.Qd2 a6 8.O-O-O 
Bd7 9.f4 Be7 10.Nf3 b5 11.Bxf6 gxf6 12.f5 Qb6 13.Kb1 O-O-O 14.g3 Kb8 15.
fxe6 fxe6 16.Bh3 Bc8 17.Qh6 Qc5 18.Rhf1 a5 19.Ne2 d5 20.exd5 Nb4 21.Ned4 
Qxd5 22.b3 e5 23.Ne6 Qc6 0-1

[Event "Oct Revolution 60th"]
[Site "Leningrad URS"]
[Date "1977.07.09"]
[Round "11"]
[White "Knezevic, Milorad"]
[Black "Kuzmin, Gennady"]
[Result "1/2-1/2"]
[WhiteElo "2500"]
[BlackElo "2550"]
[EventDate "1977.06.25"]
[PlyCount "29"]

1.d4 Nf6 2.c4 e6 3.Nc3 Bb4 4.Qc2 c5 5.dxc5 O-O 6.Nf3 Na6 7.e3 Nxc5 8.Bd2 
b6 9.Be2 Bb7 10.O-O Nce4 11.Nxe4 Bxe4 12.Bd3 Bxd3 13.Qxd3 Bxd2 14.Qxd2 Rc8
15.Rac1 1/2-1/2

[Event "Oct Revolution 60th"]
[Site "Leningrad URS"]
[Date "1977.07.11"]
[Round "13"]
[White "Taimanov, Mark"]
[Black "Kochiev, Alexander"]
[Result "0-1"]
[WhiteElo "2530"]
[BlackElo "2490"]
[EventDate "1977.06.25"]
[PlyCount "70"]

1.c4 Nf6 2.Nc3 g6 3.g3 Bg7 4.Bg2 O-O 5.e4 d6 6.Nge2 c6 7.O-O e5 8.h3 Be6 
9.d3 Qd7 10.Kh2 d5 11.exd5 cxd5 12.d4 e4 13.Bg5 Nc6 14.Bxf6 Bxf6 15.Nf4 
Nxd4 16.Nfxd5 Bxd5 17.Nxd5 Bg7 18.Bxe4 Rfe8 19.Qd3 f5 20.Bg2 Re2 21.Rad1 
Rd8 22.Rd2 Rxd2 23.Qxd2 Re8 24.Re1 b6 25.b4 Rxe1 26.Qxe1 Qe6 27.Ne7+ Kf7 
28.Bd5 Nf3+ 29.Kh1 Nxe1 30.Nc8 Nd3 31.b5 Qxd5+ 32.cxd5 Nxf2+ 33.Kg2 Ne4 
34.Nxa7 Nc3 35.d6 Ke6 0-1

[Event "Oct Revolution 60th"]
[Site "Leningrad URS"]
[Date "1977.07.11"]
[Round "13"]
[White "Gheorghiu, Florin"]
[Black "Vaganian, Rafael"]
[Result "1/2-1/2"]
[WhiteElo "2545"]
[BlackElo "2545"]
[EventDate "1977.06.25"]
[PlyCount "37"]

1.e4 e6 2.d4 d5 3.Nc3 Bb4 4.Ne2 dxe4 5.a3 Be7 6.Nxe4 Nf6 7.Nxf6+ Bxf6 8.
Be3 c5 9.Qd2 Nc6 10.O-O-O cxd4 11.Nxd4 Nxd4 12.Bxd4 Bxd4 13.Qxd4 Qxd4 14.
Rxd4 Bd7 15.Bd3 Bc6 16.Be4 Bxe4 17.Rxe4 O-O-O 18.Rd1 Rxd1+ 19.Kxd1 1/2-1/2

[Event "Oct Revolution 60th"]
[Site "Leningrad URS"]
[Date "1977.07.14"]
[Round "14"]
[White "Karpov, Anatoly"]
[Black "Smyslov, Vassily"]
[Result "1/2-1/2"]
[WhiteElo "2690"]
[BlackElo "2595"]
[EventDate "1977.06.25"]
[PlyCount "137"]

1.e4 e5 2.Nf3 Nc6 3.Bb5 a6 4.Ba4 Nf6 5.O-O Nxe4 6.d4 b5 7.Bb3 d5 8.dxe5 
Be6 9.c3 Bc5 10.Nbd2 O-O 11.Bc2 Bf5 12.Nb3 Bg4 13.Nxc5 Nxc5 14.Re1 Re8 15.
Bf4 Bh5 16.Bg3 Bg6 17.Nd4 Qd7 18.f3 Rac8 19.Rc1 Ne6 20.Bf2 Ne7 21.b4 Bxc2 
22.Qxc2 Ng6 23.Nb3 Nef4 24.Nc5 Qc6 25.Qf5 Ne6 26.Nb3 Qc4 27.g3 Ne7 28.Qc2 
Qc6 29.Kg2 Qd7 30.Qd2 Rcd8 31.Bd4 Nc6 32.f4 Ne7 33.Qf2 g6 34.Rcd1 Qc8 35.
Qf3 Qa8 36.g4 Ng7 37.Bc5 Nc6 38.Rxd5 Rxd5 39.Qxd5 a5 40.Re2 axb4 41.cxb4 
Ne6 42.Rf2 g5 43.Be3 gxf4 44.Bxf4 Nxb4 45.Qxa8 Rxa8 46.Be3 Nd3 47.Rd2 Nxe5
48.Bg1 Nxg4 49.Kf3 Ne5+ 50.Ke4 f6 51.Nd4 Kf7 52.Rc2 Nxd4 53.Rxc7+ Kg6 54.
Bxd4 Rxa2 55.h3 Re2+ 56.Kf4 Nd3+ 57.Kf3 Re6 58.Rb7 Ne1+ 59.Kf4 b4 60.Rb5 
h5 61.Rb7 h4 62.Rb8 Nd3+ 63.Kf3 Kg5 64.Rg8+ Kf5 65.Rg4 Ne1+ 66.Kf2 Nc2 67.
Bb2 b3 68.Rxh4 Ne3 69.Rd4 1/2-1/2